Прошения И. Левина и других лиц и переписка по их ходатайствам об отдаче в аренду торфяников в Курляндской губернии

Доступно только в Электронных читальных залах Найти на картеНа карте
RUSMARC
00003841nmc2a22002413x 450
0017853b84e-ad35-45c7-a053-10cf2512ff33
00520210512043927.0
100##$a20210128l19011909k l0rusy0189 ca
1010#$arus
102##$aRU
105##$ae###
1222#$ad
2001#$aПрошения И. Левина и других лиц и переписка по их ходатайствам об отдаче в аренду торфяников в Курляндской губернии
$j30 января 1901 г. - 13 августа 1909 г.
215##$a63 л.
$cплан.
$d36,5х26 см
251##$cДело
300##$a[План торфяника в Митавском лесничестве (л. 21)]
371##$aДокумент не является опубликованным и широко распространяемым
461#0$1001a9dcd51c-c252-454c-aea9-eaf7a800c266
$12001
$aПереписка по ходатайству крестьян деревни Петропавловской Богородской волости Верейского уезда Московской губернии об осушении их земель
$1251
$cДело
$1852
$j501
462#0$10013a02340e-e572-4ee5-9169-9b29c64f7ce0
$12001
$aОтдел земельных улучшений Министерства земледелия
$1251
$cОпись
$1852
$j2
801#0$aRU
$bРГИА
$c20210128
$gRCR
801#1$aRU
$bГлавНИВЦ
$c20210128
$2rusmarc
801#2$aRU
$bПБ им. Б.Н. Ельцина
$c20210512
$gRCR
$2rusmarc
850##$aРГИА
852##$aРГИА
$eФедеральное казенное учреждение "Российский государственный исторический архив" (РГИА)
$j453
937##$hРГИА
$d12358594
$aASBIBLIO_SCAN
035##$aRusGRCC00020540
856##$uhttp://readingroom.main.prlib.ru/item.aspx?id_node=n164230022&mode=full
Формат отображения